Statistics for Nickelodeon Shows (2012)

Click here to take the quiz!

General Stats

  • This quiz has been taken 1,633 times
  • The average score is 6 of 15

Answer Stats

HintAnswer% Correct
Lives in a pineapple under the seaSponge Bob Square Pants
98%
Two tween girls with web showiCarly
90%
High School for special talented artistic kidsVictorious
73%
Kid has very odd godparentsThe Fairly OddParents
71%
Girl explores jungle and helps friendsDora The Explorer
46%
4 Hockey Players form Modern Day Monkeys bandBig Time Rush
43%
Little Brother is annoyed with older Bunny SisterMax and Ruby
40%
Bloom and her fairy friends Stella, Flora, Techna, Musa, LaylaWinx Club
38%
Morphed teenagers become powerful superheroes wearing terrible costumesPower Rangers
32%
Legends of AwesomenessKung Fu Panda
27%
Unbelievably annoying voiceFred: The Show
22%
Former queen of The Perfs gets braces and glasses and forms Gravity 5How to Rock
18%
Pattern Power, Shape Power, Measuring PowerTeam Umizoomi
15%
Celebrities panelist identify talent and get slimedFigure it Out
11%
Hi, it's me, Molly, and it's time for. . .Bubble Guppies
10%

Score Distribution

Percentile by Number Answered

Percent of People with Each Score

Your Score History

You have not taken this quiz